000 00230 a2200109 4500
001 9213
082 _a621.75 BUR
090 _c7384
_d7384
100 _aBurghardt, H.D.
245 _aMachine tool operation: Part-I
260 _bMc graw-Hill
942 _aNUST-CAE
999 _c244286
_d244286